Normal view
MARC view
- DE-COMP-37
Entry Topical Term
001 - CONTROL NUMBER
- control field: 70644
003 - CONTROL NUMBER IDENTIFIER
- control field: NUST
005 - DATE AND TIME OF LATEST TRANSACTION
- control field: 20210628204530.0
008 - FIXED-LENGTH DATA ELEMENTS
- fixed length control field: 210628|| aca||aabn | a|a d
040 ## - CATALOGING SOURCE
- Original cataloging agency: NUST
- Transcribing agency: NUST
150 ## - HEADING--TOPICAL TERM
- Topical term or geographic name entry element: DE-COMP-37
670 ## - SOURCE DATA FOUND
- Source citation: Work cat.: (NUST): NS ANZAH MEHMOOD NS SYED ASHER JAWAD 70643, PR-SOF-1840-REAL-TIME ELECTRICITY BILL ANALYST (REBA), 2019
